00349pab a2200157 454500008004000000100001400040245002900054260000900083300001200092362000800104650001500112650001800127700001800145700001600163773001200179180718b1997 xxu||||| |||| 00| 0 eng d aRoy, Arun aDemanding accountability c1997 ap.82-87 aJan aCorruption aCivil service aShanker Singh aDey, Nikhil aSeminar